01465nam a22003377a 4500003000400000005001700004008004100021040002200062082001800084100003000102245003000132260006000162300002100222366000800243490002600251505006400277505008400341505012300425505001200548650006000560650005200620650005300672650004300725650004500768650005600813650004700869700003600916942002900952999001500981952013100996OSt20230608142152.0221006b |||||||| |||| 00| 0 eng d cBiblioteca Lado V a709.05bG851a 9855aGriffin, Timeeditor aArtforum/bInternacional/ aNew Yorkc2003bNew York editorial and business offices c26.5x27cma200p. espa aMayov2003x0864-1315 tCOLUMNSaPassages Slant Film Music Top Ten 10-20-30-40 tPreviewaSummer Exhibition US News Travel Brief From the Vault World Report tFeaturesaTelling Tales A thousand Words Feast for the Eyes Portfolio: Stephen Shore Louder than Words Openings  tReviews 2Tesauro de Arte & ArquitecturaaARTE COMTEMPORANEO9703 2Tesauro de Arte & ArquitecturaaFOTOGRAFIA9702 2Tesauro de Arte & ArquitecturaaARTE VISUAL9702 2Tesauro de Arte & ArquitecturaaLIBROS 2Tesauro de Arte & ArquitecturaaNOTICIAS 2 Tesauro de Arte & ArquitecturaaARTE INTERNACIONAL 2 Tesauro de Arte & ArquitecturaaESCULTURA aNavarreta, Jose Antonioeeditor 2ddcc1h709.05iG851an0 c3838d3838 00102ddc3200340708RevistasaLVbLVd2023-06-08hMayoi002529l0o709.05 G851ap002529r2023-06-08 00:00:00w2023-06-08y1